01022nam a22002055i 450000100060000000300090000600500170001500700030003200800410003504000200007610000220009624501740011826000690029230000270036149000610038870000350044983000600048485200590054485202130060398647ES-MaACL20250824074916.0t|950918s1878 sp ||||1| spa d aCAM bspa cCAM1 aEguilaz, Luis de.13aEl salto del pasiego b: zarzuela melodramática en tres actos y ocho cuadros / cobra póstuma de Luis de Eguilaz ; música del maestro Manuel Fernández Caballero. aMadrid : bAlonso Gullón, c1878 (fImpr. de José Rodriguez) a137, [6] p. ; c20 cm.1 aEl Teatro: colección de obras dramáticas y líricas1 aFernández Caballero, Manuel.03aEl teatro: colección de obras dramática y líricas aES-MaACLjD-2993(1) q. - Encuadernado con otras obras aES-MaACLjB-8570(6) z.- Enc. pasta española q.- Falto de la cub. originalz.- Enc. en un vol. facticio, formando parte de la col. "Teatro español moderno", vol. 23 z.- Firma ms. de Gustavo Saenz Diez